Harry Potter Actor-Character Trap Quiz Stats

 Plays Quiz Updated Feb 21, 2020

Support Sporcle.
Go Orange.
Score 0/28 Timer 07:00
16 Plays Today
% Correct
Hermione
96.1%
Daniel
95.7%
Severus
93.6%
Ron
92%
Maggie
89.6%
Cedric
89.4%
Helena
87.6%
Tom
80.5%
Evanna
80.4%
Gary
78.4%
Rubeus
78.1%
Matthew
77.9%
Sybill
76.2%
Ralph
74.5%
% Correct
Ginny
74.4%
Albus
74%
Warwick
73.2%
Lucius
70.7%
Gilderoy
69.4%
Remus
64.1%
Zoe
63.5%
Dolores
62.9%
George
62.3%
Vernon
57.8%
Jim
56.2%
David
54.4%
James
50.6%
Harry
44.8%

From the Vault

Family, Life, Night or World TV Shows

by JoeBeta

TV fun for the whole family.
Remove Ads.
Support Sporcle.
Get the best of Sporcle when you Go Orange. This ad-free experience offers more features, more stats, and more fun while also helping to support Sporcle. Thank you for becoming a member.

Show Comments

Extras

Top Quizzes Today


Score Distribution

Your Account Isn't Verified!

In order to create a playlist on Sporcle, you need to verify the email address you used during registration. Go to your Sporcle Settings to finish the process.

Report this User

Report this user for behavior that violates our Community Guidelines.

Details: